00755nam a2200205 a 450000100100000000500170001000800410002704000250006808200150009310000390010824500860014726000360023330000300026950000420029950000420034150400270038304900090041095201130041999900170053200002440120200930022956.0110127s1979 dr d 000 0 spa d aDO-SdBNPbspacBNPHU axxxbV162s1 aValera de León, Bolívar93680810aSupervisión escolar en la República Dominicana /cBolívar Valera de León. aSanto Domingo :bTaller,c1979. a31 p. :bdiagr. ;c19 cm. aIncluye datos biográficos del autor aIncluye notas al pie de las páginas aBibliografía : p. 31 aBNPD 0010718PDaPDbPDcCTd2011-01-27iLF1l0oxxx V162sp24401-10r2020-06-25w2020-06-25yLFPDZNo se presta c23894d23894